000 00658nam a2200241 i 4500
001 C2-0329887
003 PPAK
005 20180728130837.0
008 150204s2004 my |||| ||||| | may d
020 _a9836285199
040 _aPPAK
_beng
_cPPAK
_erda
082 0 4 _a899.231
_223
090 0 0 _a899.231
_bSAT
_dKIH
245 0 0 _aSatu Kemungkinan
264 1 _aKuala Lumpur :
_bDewan Bahasa dan Pustaka ,
_c2004
300 _axiv, 88 pages ;
_c21 cm
336 _2rdacontent
_atext
337 _2rdamedia
_aunmediated
338 _2rdacarrier
_avolume
650 1 0 _aMalay poetry
700 0 _aHamzah Hamdani & Azizah Ahmad,
_ecompile
942 _ddc
_cB
999 _c129047
_d129047